00502 2200205 4500001002100000005001700021008004100038035002400079040001200103082000800115090001700123100001500140245004100155250001100196260003100207300001800238650001000256850001200266990001800278YOGYA-0412000000002220120409185129.0 ind  0010-041200000000022 aYOPDYOG a297 aT 297bTha D aTHALIB, M. a8 prinsip pemahaman IslamcM. Thalib aCet. 2 aSolobPustaka Mantiqc1993 a90 hlmc18 cm aIslam aYOPDYOG a90546-P/97b1